000
00273nam a2200121Ia 4500
008
220204s9999 xx 000 0 und d
082
_a
634.773
_b
MAD
100
_a
MADHAVA RAO, V N
245
0
_a
Banana
260
_a
New Delhi
_b
ICAR
_c
1984
650
_a
Banana
942
_c
BK
999
_c
39105
_d
39105